[Event "AUTO-INT-724"]
[Site "http://www.queenalice.com/game.php?id=323021"]
[Date "2007.12.20"]
[Round "1"]
[White "Torresmo"]
[Black "toomlee"]
[Result "1-0"]
[WhiteElo "1627"]
[BlackElo "1537"]

1. e4 e5 2. c4 Nf6 3. f3 Nc6 4. Ne2 Bd6 5. Ng3 O-O 6. b3 b6 7. Bb2 Ba6 8. Nf5
Nh5 9. Nc3 Bb4 10. f4 exf4 11. Qxh5 g6 12. Qh6 gxf5 13. Nd5 Be7 14. Qg7# 1-0

[Event "AUTO-INT-724"]
[Site "http://www.queenalice.com/game.php?id=323022"]
[Date "2007.12.20"]
[Round "1"]
[White "toomlee"]
[Black "Torresmo"]
[Result "1-0"]
[WhiteElo "1553"]
[BlackElo "1681"]

1. e4 e5 2. Qh5 d6 3. Bc4 g6 4. Qf3 Qd7 5. Nc3 Bg7 6. d3 f6 7. Bxg8 Rxg8 8. Nge2
Nc6 9. O-O Nd4 10. Nxd4 exd4 11. Nd5 Qc6 12. Bd2 Rf8 13. Nb4 Qc5 14. Nd5 Qxc2
15. Rac1 Qxd2 16. Nxc7+ Kf7 17. Nxa8 h5 18. Nc7 Qxb2 19. Nd5 Bg4 20. Qg3 Be2 21.
Rb1 Qd2 22. Rxb7+ Kg8 23. Ne7+ Kh7 24. Nxg6 Rg8 25. Rfb1 Rc8 26. h4 Bxd3 27. Nf4
Rg8 28. Nxd3 Kh8 29. Nb4 Bh6 30. Qxd6 Bf4 31. Qxf6+ 1-0

[Event "AUTO-INT-724"]
[Site "http://www.queenalice.com/game.php?id=323045"]
[Date "2007.12.20"]
[Round "1"]
[White "toomlee"]
[Black "spacey"]
[Result "0-1"]
[WhiteElo "1583"]
[BlackElo "1795"]

1. e4 e6 2. Qe2 c5 3. Nc3 Nc6 4. Nb5 a6 5. Nc3 g6 6. d3 Bg7 7. Na4 Qa5+ 8. Nc3
Bxc3+ 9. Bd2 Bxd2+ 10. Qxd2 Qxd2+ 11. Kxd2 Nge7 12. Nf3 O-O 13. Re1 b5 14. Kc1
d5 15. g3 Bd7 16. c3 d4 17. cxd4 Nxd4 18. Nxd4 cxd4 19. Bh3 Rfc8+ 20. Kd2 Rc7
21. Rc1 Rac8 22. Rxc7 Rxc7 23. Rc1 Rxc1 24. Kxc1 f5 25. exf5 exf5 26. b3 Kf7 27.
f3 Nd5 28. f4 Nc3 29. Bg2 Nxa2+ 30. Kb2 Nc3 31. b4 Bc8 32. h3 Ke6 33. h4 Ne2 34.
Bf1 Nxg3 35. Bg2 Nh5 36. Bf3 Nxf4 37. Kc2 Nd5 38. Bxd5+ Kxd5 39. Kb3 f4 0-1

[Event "AUTO-INT-724"]
[Site "http://www.queenalice.com/game.php?id=323046"]
[Date "2007.12.20"]
[Round "1"]
[White "spacey"]
[Black "toomlee"]
[Result "1-0"]
[WhiteElo "1554"]
[BlackElo "1587"]

1. e4 e5 2. f4 exf4 3. Nf3 Nf6 4. e5 Ne4 5. Qe2 f5 6. exf6 d5 7. d3 gxf6 8. dxe4
dxe4 9. Qxe4+ Kf7 10. Bc4+ Kg7 11. O-O f5 12. Qxf4 Bd6 13. Qh6# 1-0

[Event "AUTO-BEG-126"]
[Site "http://www.queenalice.com/game.php?id=330273"]
[Date "2008.1.3"]
[Round "2"]
[White "Natan"]
[Black "toomlee"]
[Result "0-1"]
[WhiteElo "1442"]
[BlackElo "1514"]

1. e4 e5 2. c4 Qh4 3. Nf3 Qxe4+ 4. Be2 Qc6 5. O-O Nf6 6. Nxe5 Qd6 7. Nf3 Ng4 8.
Qa4 Be7 9. d4 O-O 10. Nc3 c6 11. c5 Qe6 12. Bc4 Qf5 13. Re1 b5 14. Bd3 Qxd3 15.
Qa5 Qc2 16. Rxe7 Qxf2+ 17. Kh1 Qf1+ 18. Ng1 Nf2# 0-1

[Event "AUTO-BEG-126"]
[Site "http://www.queenalice.com/game.php?id=330274"]
[Date "2008.1.3"]
[Round "2"]
[White "toomlee"]
[Black "Natan"]
[Result "1-0"]
[WhiteElo "1548"]
[BlackElo "1385"]

1. e4 e5 2. Qh5 Nf6 3. Qf3 Bc5 4. Nc3 O-O 5. d3 Nc6 6. Qg3 d6 7. Bg5 b6 8. Bxf6
Qxf6 9. Nd5 Qd8 10. Nf3 Nb4 11. Nxb4 Bxb4+ 12. Kd1 c5 13. c3 Ba5 14. h3 Be6 15.
Rb1 Bxa2 16. Ra1 Bb3+ 17. Kc1 b5 18. Nh4 b4 19. cxb4 Bxb4 20. Nf5 g5 21. h4 f6
22. Nh6+ Kh8 23. d4 1-0

[Event "AUTO-BEG-126"]
[Site "http://www.queenalice.com/game.php?id=330275"]
[Date "2008.1.3"]
[Round "2"]
[White "tayron"]
[Black "toomlee"]
[Result "1-0"]
[WhiteElo "1481"]
[BlackElo "1599"]

1. d4 e6 2. c4 Nf6 3. Nc3 Bb4 4. e3 Ne4 5. Bd2 Bxc3 6. Bxc3 O-O 7. Bd3 Ng5 8.
Qh5 Nc6 9. h4 g6 10. Qxg5 Qxg5 11. hxg5 a6 12. Nf3 d5 13. cxd5 exd5 14. O-O Bg4
15. Be2 Bxf3 16. Bxf3 Ne7 17. Bb4 Rfe8 18. Bxe7 1-0

[Event "AUTO-BEG-126"]
[Site "http://www.queenalice.com/game.php?id=330276"]
[Date "2008.1.3"]
[Round "2"]
[White "toomlee"]
[Black "tayron"]
[Result "0-1"]
[WhiteElo "1578"]
[BlackElo "1513"]

1. e4 c5 2. Nf3 Nc6 3. Nc3 d6 4. Nd5 e6 5. Nc3 Nf6 6. Be2 Be7 7. O-O O-O 8. Bb5
Bd7 9. Bxc6 Bxc6 10. d3 Rc8 11. Bg5 h6 12. Bxf6 Bxf6 13. Ne2 Qc7 14. c3 b6 15.
Nd2 d5 16. exd5 Bxd5 0-1

[Event "Move 2"]
[Site "http://www.queenalice.com/game.php?id=353470"]
[Date "2008.2.12"]
[Round "-"]
[White "Tiagoviegas"]
[Black "toomlee"]
[Result "0-1"]
[WhiteElo "1669"]
[BlackElo "1579"]

1. e4 e5 2. Qf3 Nf6 3. Bc4 Nc6 4. Nc3 Nd4 5. Qd1 a6 6. d3 Ng4 7. Be3 Nxe3 8.
fxe3 Nc6 9. Qf3 f6 10. d4 Nb4 11. Bb3 d6 12. a3 Nc6 13. Bd5 Ne7 14. dxe5 dxe5
15. Rd1 Bd7 16. Bxb7 Ra7 17. Bd5 h5 18. h3 Ng6 19. g3 Qb8 20. b4 c6 21. Bc4 a5
22. g4 hxg4 23. hxg4 Rxh1 24. Qxh1 Bxg4 25. Rd2 axb4 26. Qh6 gxh6 27. Na2 bxa3
28. Rg2 Bh5 29. Nc1 Qb1 30. Kd2 Bb4+ 31. c3 Qb2+ 0-1

[Event "AUTO-INT-697"]
[Site "http://www.queenalice.com/game.php?id=383667"]
[Date "2008.4.7"]
[Round "2"]
[White "koshnarek"]
[Black "toomlee"]
[Result "1-0"]
[WhiteElo "1561"]
[BlackElo "1564"]

1. e4 e5 2. Qf3 Nf6 3. Bd3 a6 4. Nc3 Nc6 5. Nd5 Nxd5 6. exd5 Ne7 7. Ne2 c6 8. d6
Nd5 9. Qg3 Bxd6 10. Qxg7 Qf6 11. Qg4 h5 12. Qe4 Bc7 13. a3 Ne7 14. b4 d5 15. Qf3
1-0

[Event "AUTO-INT-697"]
[Site "http://www.queenalice.com/game.php?id=383668"]
[Date "2008.4.7"]
[Round "2"]
[White "toomlee"]
[Black "koshnarek"]
[Result "0-1"]
[WhiteElo "1559"]
[BlackElo "1548"]

1. e4 d5 2. exd5 Qxd5 3. Nc3 Qe6+ 4. Be2 Nc6 5. Nf3 Nf6 6. d4 Qg4 7. Ne5 Qxg2 8.
Bf3 Qh3 9. Nxc6 Qe6+ 10. Ne5 a6 11. Bd5 Nxd5 12. Nxd5 Qxd5 13. b3 Qxh1+ 14. Ke2
Qxh2 15. Nf3 Bg4 16. Be3 f6 17. Kd2 Qg2 18. Qg1 Qxf3 19. Re1 h5 20. Qg3 O-O-O
21. Qxf3 Bxf3 22. Rg1 h4 23. c3 g5 0-1

[Event "Challenge"]
[Site "http://www.queenalice.com/game.php?id=407477"]
[Date "2008.5.24"]
[Round "-"]
[White "AuntieRenie"]
[Black "toomlee"]
[Result "0-1"]
[WhiteElo "1578"]
[BlackElo "1533"]

1. c4 e5 2. Nc3 Bc5 3. Nf3 Bb4 4. Nxe5 Qe7 5. Nd3 Bxc3 6. bxc3 Nf6 7. g3 O-O 8.
Bg2 d6 9. O-O Nc6 10. Ba3 b6 11. Bxc6 Rb8 12. Qa4 Bd7 13. e3 Bxc6 14. Qc2 Be4
15. f3 Bxd3 16. Qxd3 c5 17. Kg2 Rbe8 18. Rae1 Nh5 19. g4 Qg5 20. Qxd6 Re6 21.
Qc7 Re7 22. f4 Qxg4+ 23. Kh1 Rxc7 24. Rg1 Qf3+ 25. Rg2 Re7 26. Bc1 Nxf4 27. Rg1
Nxg2 28. Rxg2 Re6 29. Kg1 Qd1+ 30. Kf2 Rf6+ 31. Kg3 h5 32. h3 Rf3+ 33. Kh2 Qe1
34. h4 Qxh4+ 35. Kg1 Qe1+ 36. Kh2 h4 37. d4 h3 38. Rd2 Qg3+ 0-1